000 01992cam a22002054a 4500
005 20250605163949.0
008 250528s ||||||||||||||||||||||||d
035 _a15320
040 _aGR-AtMCL
_bgre
_dGR-AtMCL
_eAACR2
245 1 _aΟργάνωσις Προσωπικού / Οδηγός Επιστημονικής Μελέτης Προγραμματισμού και εφαρμογής Συστημάτων οργανώσεως και Αναδιοργανώσεως των διοικητικών Υπηρεσιών - δι'όλους τους Επιχειρηματιας, Προισταμένους Κλαδων, Τμημάτων και τους Ειδικούς Οργανωτάς Προσωπικού.
250 _a
260 _bHellenews - Παιδεία,
_c1970
300 _a142
505 0 _aΣε Ποιόν Πρέπει να Ανατεθεί η Ορθολογική Οργάνωσις, Η Οικονομικότης της Ορθολογικοποιήσεως, Οι Αντιδράσεις Κατά της Ορθολογικοποιήσεως, Η Μεθοδική Εργασία Μελέτης και Προγραμματισμού, Τα Κύρια Σημεία για την Μελέτη και τον Προγραμματισμό, Οι Διάφορες Πρακτικές Φάσεις της Ορθολογικοποιήσεως.
520 _aΣε Ποιόν Πρέπει να Ανατεθεί η Ορθολογική Οργάνωσις, Η Οικονομικότης της Ορθολογικοποιήσεως, Οι Αντιδράσεις Κατά της Ορθολογικοποιήσεως, Η Μεθοδική Εργασία Μελέτης και Προγραμματισμού, Τα Κύρια Σημεία για την Μελέτη και τον Προγραμματισμό, Οι Διάφορες Πρακτικές Φάσεις της Ορθολογικοποιήσεως.
700 1 _aBohrs Herman
_91220
942 _cBK
999 _c910
_d910